00220 a2200109 4500001000700000020000600007040001100013100001600024240003300040245002800073362000900101170916 a  cMagnum aGama, Dalmy10aVamos topcar guitarra ?lpor10aVamos topcar guitarra ?0 a1899